000 00317nam a2200145Ia 4500
100 _aMehta N. V.
650 _aGeneral
942 _cBK
654 _aIncome Tax
245 _aIncome Tax Ready Reckoner1991-92
260 _bShri Kuber Pub. House
_aBombay
_c1991
300 _a352
546 _aENGLISH
999 _c21099
_d21099